<?xml version="1.0" encoding="UTF-8"?><?xml-stylesheet type="text/xsl" href="static/style.xsl"?><OAI-PMH xmlns="http://www.openarchives.org/OAI/2.0/" xmlns:xsi="http://www.w3.org/2001/XMLSchema-instance" xsi:schemaLocation="http://www.openarchives.org/OAI/2.0/ http://www.openarchives.org/OAI/2.0/OAI-PMH.xsd"><responseDate>2026-04-18T05:18:07Z</responseDate><request verb="GetRecord" identifier="oai:www.recercat.cat:2117/171678" metadataPrefix="marc">https://recercat.cat/oai/request</request><GetRecord><record><header><identifier>oai:recercat.cat:2117/171678</identifier><datestamp>2026-01-18T01:16:51Z</datestamp><setSpec>com_2072_1033</setSpec><setSpec>col_2072_452949</setSpec></header><metadata><record xmlns="http://www.loc.gov/MARC21/slim" xmlns:dcterms="http://purl.org/dc/terms/" xmlns:xsi="http://www.w3.org/2001/XMLSchema-instance" xmlns:doc="http://www.lyncode.com/xoai" xsi:schemaLocation="http://www.loc.gov/MARC21/slim http://www.loc.gov/standards/marcxml/schema/MARC21slim.xsd">
   <leader>00925njm 22002777a 4500</leader>
   <datafield ind2=" " ind1=" " tag="042">
      <subfield code="a">dc</subfield>
   </datafield>
   <datafield ind2=" " ind1=" " tag="720">
      <subfield code="a">Barria Catalán, Tirza Aseneth</subfield>
      <subfield code="e">author</subfield>
   </datafield>
   <datafield ind2=" " ind1=" " tag="260">
      <subfield code="c">2019-06</subfield>
   </datafield>
   <datafield ind2=" " ind1=" " tag="520">
      <subfield code="a">Con la “Pacificación de la Araucanía”, se inició en la segunda mitad del s.XIX, un proceso que cambió la fisonomía del territorio llamado “frontera araucana”. La propiedad privada y pública se mensuró, delimitó y fijó en planos, determinándose la radicación mapuche, y el remate y entrega de tierras a colonos nacionales y extranjeros. Del análisis de planos y en especifico de la “Carta Jeneral de Colonización de la provincia de Cautín”, elaborada por Nicanor Boloña e impresa en 1916, y su relación con la Ley de 1866, este articulo tiene como objetivo visibilizar el proceso de territorialización de la frontera. Por medio del redibujo de la “carta”, se elaboran una serie de mapas temáticos entre ellos los de hidrografía, infraestructura, urbanos, administrativos y de parcelación. Se observa en la macro escala una continuidad del espacio territorial dado por el trazado de hijuelación, formas determinadas por la ley de 1866 y sus sucesivas leyes complementarias.</subfield>
   </datafield>
   <datafield ind2=" " ind1=" " tag="520">
      <subfield code="a">With the "Pacification of Araucanía", a process that changed the physiognomy of the territory called "Araucana border" began in the second half of the 19th century. Private and public property was measured, delimited and fixed in plans, determining the Mapuche settlement, and the auction and delivery of land to national and foreign settlers. From the analysis of plans and specifically the "Jeneral Letter of Colonization of the province of Cautín", prepared by Nicanor Bologna and printed in 1916, and its relationship with the Law of 1866, this article aims to make visible the territorialization process of border. Through the redrawing of the “letter”, a series of thematic maps are prepared, including those of hydrography, infrastructure, urban, administrative and partitioning. The continuity of the territorial space given by the plotting of the land, the forms determined by the law of 1866 and its successive complementary laws is observed in the macro scale.</subfield>
   </datafield>
   <datafield ind2=" " ind1=" " tag="520">
      <subfield code="a">Peer Reviewed</subfield>
   </datafield>
   <datafield tag="653" ind2=" " ind1=" ">
      <subfield code="a">Àrees temàtiques de la UPC::Urbanisme</subfield>
   </datafield>
   <datafield tag="653" ind2=" " ind1=" ">
      <subfield code="a">Regional planning -- Chile</subfield>
   </datafield>
   <datafield tag="653" ind2=" " ind1=" ">
      <subfield code="a">Chile -- Maps</subfield>
   </datafield>
   <datafield tag="653" ind2=" " ind1=" ">
      <subfield code="a">Colonización</subfield>
   </datafield>
   <datafield tag="653" ind2=" " ind1=" ">
      <subfield code="a">Frontera</subfield>
   </datafield>
   <datafield tag="653" ind2=" " ind1=" ">
      <subfield code="a">Hijuelación</subfield>
   </datafield>
   <datafield tag="653" ind2=" " ind1=" ">
      <subfield code="a">Cartografía</subfield>
   </datafield>
   <datafield tag="653" ind2=" " ind1=" ">
      <subfield code="a">Colonization</subfield>
   </datafield>
   <datafield tag="653" ind2=" " ind1=" ">
      <subfield code="a">Border</subfield>
   </datafield>
   <datafield tag="653" ind2=" " ind1=" ">
      <subfield code="a">Hybrids</subfield>
   </datafield>
   <datafield tag="653" ind2=" " ind1=" ">
      <subfield code="a">Cartography</subfield>
   </datafield>
   <datafield tag="653" ind2=" " ind1=" ">
      <subfield code="a">Ordenació del territori -- Xile</subfield>
   </datafield>
   <datafield tag="653" ind2=" " ind1=" ">
      <subfield code="a">Xile -- Mapes</subfield>
   </datafield>
   <datafield ind2="0" ind1="0" tag="245">
      <subfield code="a">Trazando la Frontera Araucana, Chile: de las leyes y las divisiones del territorio. 1866-1916</subfield>
   </datafield>
</record></metadata></record></GetRecord></OAI-PMH>